Vývojové trendy v oblasti fúzií (v európskom regióne)

Fúzie ako nástroj expanzie alebo reštrukturalizácie podniku. Motívy fúzií. Právna úprava vnútroštátnych a cezhraničných fúzií. Vývojové tendencie v oblasti fúzií v rámci európskeho priestoru. Integrácia vo svetovej ekonomike.

Salvato in:
Dettagli Bibliografici
Autore principale: Hečková, Jaroslava
Altri autori: Chapčáková, Alexandra
Natura: Capitolo di libro
Lingua:slovacco
Soggetti:
Tags: Aggiungi Tag
Nessun Tag, puoi essere il primo ad aggiungerne!!

MARC

LEADER 00000naa$a2200000$$$4500
001 0092729
005 20231116085313.6
041 0 |a slo 
044 |a SK 
245 1 0 |a Vývojové trendy v oblasti fúzií (v európskom regióne)  |c Jaroslava Hečková, Alexandra Chapčáková 
520 |a Fúzie ako nástroj expanzie alebo reštrukturalizácie podniku. Motívy fúzií. Právna úprava vnútroštátnych a cezhraničných fúzií. Vývojové tendencie v oblasti fúzií v rámci európskeho priestoru. Integrácia vo svetovej ekonomike. 
610 2 0 |a Európsky ekonomický priestor 
610 2 0 |a liberalizácia 
610 2 0 |a integrácia ekonomická 
610 2 0 |a reštrukturalizácia 
610 2 0 |a fúzie 
610 2 0 |a úpravy právne 
610 2 0 |a spolupráca cezhraničná 
100 1 |a Hečková, Jaroslava 
700 1 |a Chapčáková, Alexandra